000 01110cam a2200313 4500
999 _c23109
_d23109
001 vtls012018471
005 20220131080910.0
008 210317s2021 xo gr 000 f slo
020 _a9788055173832
_q(viazané)
040 _aTTKJF
_bslo
_cTTKJF
_dSNK
_erda
041 1 _aslo
_heng
044 _axo
_cSK
072 7 _a821.111-3
_xAnglická próza, anglicky písaná
_2konspekt
080 _a821.111-31
_22011
100 1 _aBeckerman, Hannah,
_d1977-
_4aut
_92612
240 1 0 _aIf Only I Could Tell You
_lSlovensky
245 1 0 _aKeby si len vedela
_cHannah Beckerman ; z anglického originálu If Only I Could Tell You ... preložila Anna Kolčiterová
264 1 _aBratislava
_bIkar
_c2021
300 _a342 strán
_c21 cm
336 _atext
_btxt
_2rdacontent
337 _abez média
_bn
_2rdamedia
338 _azväzok
_bnc
_2rdacarrier
500 _aObsahuje stručné biografické údaje o autorke na záložke prebalu publikácie
655 7 _aanglické romány
_2SNKPH
_98
655 7 _aEnglish fiction
_2SNKPHeng
_99
700 1 _aKolčiterová, Anna
_4trl
_92410
958 _aLX
958 _aUP